<?xml version="1.0" encoding="UTF-8"?>
<record
    xmlns:xsi="http://www.w3.org/2001/XMLSchema-instance"
    xsi:schemaLocation="http://www.loc.gov/MARC21/slim http://www.loc.gov/standards/marcxml/schema/MARC21slim.xsd"
    xmlns="http://www.loc.gov/MARC21/slim">

  <leader>02296nam a22002417a 4500</leader>
  <datafield tag="952" ind1=" " ind2=" ">
    <subfield code="0">0</subfield>
    <subfield code="1">0</subfield>
    <subfield code="4">0</subfield>
    <subfield code="7">0</subfield>
    <subfield code="a">23</subfield>
    <subfield code="b">23</subfield>
    <subfield code="d">2016-08-17</subfield>
    <subfield code="l">0</subfield>
    <subfield code="o">D132 C43</subfield>
    <subfield code="p">23 000859</subfield>
    <subfield code="r">2016-08-17</subfield>
    <subfield code="t">1</subfield>
    <subfield code="w">2016-08-17</subfield>
    <subfield code="y">LB</subfield>
  </datafield>
  <datafield tag="952" ind1=" " ind2=" ">
    <subfield code="0">0</subfield>
    <subfield code="1">0</subfield>
    <subfield code="4">0</subfield>
    <subfield code="7">0</subfield>
    <subfield code="a">23</subfield>
    <subfield code="b">23</subfield>
    <subfield code="d">2016-10-08</subfield>
    <subfield code="l">0</subfield>
    <subfield code="o">D132 C43</subfield>
    <subfield code="p">23 000893</subfield>
    <subfield code="r">2016-10-08</subfield>
    <subfield code="t">2</subfield>
    <subfield code="w">2016-10-08</subfield>
    <subfield code="y">LB</subfield>
  </datafield>
  <datafield tag="952" ind1=" " ind2=" ">
    <subfield code="0">0</subfield>
    <subfield code="1">0</subfield>
    <subfield code="4">0</subfield>
    <subfield code="7">0</subfield>
    <subfield code="a">23</subfield>
    <subfield code="b">23</subfield>
    <subfield code="d">2017-07-19</subfield>
    <subfield code="l">0</subfield>
    <subfield code="o">D132 C43</subfield>
    <subfield code="p">23 001330</subfield>
    <subfield code="r">2017-07-19</subfield>
    <subfield code="t">3</subfield>
    <subfield code="w">2017-07-19</subfield>
    <subfield code="y">LB</subfield>
  </datafield>
  <datafield tag="952" ind1=" " ind2=" ">
    <subfield code="0">0</subfield>
    <subfield code="1">0</subfield>
    <subfield code="4">0</subfield>
    <subfield code="7">0</subfield>
    <subfield code="a">23</subfield>
    <subfield code="b">23</subfield>
    <subfield code="d">2017-07-19</subfield>
    <subfield code="l">1</subfield>
    <subfield code="o">D132 C43</subfield>
    <subfield code="p">23 001331</subfield>
    <subfield code="r">2017-09-18</subfield>
    <subfield code="s">2017-09-14</subfield>
    <subfield code="t">4</subfield>
    <subfield code="w">2017-07-19</subfield>
    <subfield code="y">LB</subfield>
  </datafield>
  <datafield tag="952" ind1=" " ind2=" ">
    <subfield code="0">0</subfield>
    <subfield code="1">0</subfield>
    <subfield code="4">0</subfield>
    <subfield code="7">0</subfield>
    <subfield code="a">23</subfield>
    <subfield code="b">23</subfield>
    <subfield code="d">2018-03-08</subfield>
    <subfield code="l">1</subfield>
    <subfield code="o">D132 C43</subfield>
    <subfield code="p">23 001631</subfield>
    <subfield code="r">2019-10-15</subfield>
    <subfield code="s">2019-10-14</subfield>
    <subfield code="t">5</subfield>
    <subfield code="w">2018-03-08</subfield>
    <subfield code="y">LB</subfield>
  </datafield>
  <datafield tag="952" ind1=" " ind2=" ">
    <subfield code="0">0</subfield>
    <subfield code="1">0</subfield>
    <subfield code="4">0</subfield>
    <subfield code="7">0</subfield>
    <subfield code="a">23</subfield>
    <subfield code="b">23</subfield>
    <subfield code="d">2018-03-08</subfield>
    <subfield code="l">1</subfield>
    <subfield code="o">D132 C43</subfield>
    <subfield code="p">23 001632</subfield>
    <subfield code="r">2023-09-01</subfield>
    <subfield code="s">2023-08-31</subfield>
    <subfield code="t">6</subfield>
    <subfield code="w">2018-03-08</subfield>
    <subfield code="y">LB</subfield>
  </datafield>
  <datafield tag="952" ind1=" " ind2=" ">
    <subfield code="0">0</subfield>
    <subfield code="1">0</subfield>
    <subfield code="4">0</subfield>
    <subfield code="7">0</subfield>
    <subfield code="a">23</subfield>
    <subfield code="b">23</subfield>
    <subfield code="d">2018-03-08</subfield>
    <subfield code="l">0</subfield>
    <subfield code="o">D132 C43</subfield>
    <subfield code="p">23 001633</subfield>
    <subfield code="r">2018-03-08</subfield>
    <subfield code="t">7</subfield>
    <subfield code="w">2018-03-08</subfield>
    <subfield code="y">LB</subfield>
  </datafield>
  <datafield tag="952" ind1=" " ind2=" ">
    <subfield code="0">0</subfield>
    <subfield code="1">0</subfield>
    <subfield code="4">0</subfield>
    <subfield code="7">0</subfield>
    <subfield code="a">23</subfield>
    <subfield code="b">23</subfield>
    <subfield code="d">2018-03-08</subfield>
    <subfield code="l">0</subfield>
    <subfield code="o">D132 C43</subfield>
    <subfield code="p">23 001634</subfield>
    <subfield code="r">2018-03-08</subfield>
    <subfield code="t">8</subfield>
    <subfield code="w">2018-03-08</subfield>
    <subfield code="y">LB</subfield>
  </datafield>
  <datafield tag="952" ind1=" " ind2=" ">
    <subfield code="0">0</subfield>
    <subfield code="1">0</subfield>
    <subfield code="4">0</subfield>
    <subfield code="7">0</subfield>
    <subfield code="a">23</subfield>
    <subfield code="b">23</subfield>
    <subfield code="d">2018-03-08</subfield>
    <subfield code="l">0</subfield>
    <subfield code="o">D132 C43</subfield>
    <subfield code="p">23 001635</subfield>
    <subfield code="r">2018-03-08</subfield>
    <subfield code="t">9</subfield>
    <subfield code="w">2018-03-08</subfield>
    <subfield code="y">LB</subfield>
  </datafield>
  <datafield tag="999" ind1=" " ind2=" ">
    <subfield code="c">100663</subfield>
    <subfield code="d">100663</subfield>
  </datafield>
  <controlfield tag="008">160817t19772009mx ||||| |||| 00| 0 spa d</controlfield>
  <datafield tag="020" ind1=" " ind2=" ">
    <subfield code="a">9789682317330 (2009)</subfield>
  </datafield>
  <datafield tag="050" ind1=" " ind2="4">
    <subfield code="a">D132</subfield>
    <subfield code="b">C43</subfield>
  </datafield>
  <datafield tag="100" ind1="1" ind2=" ">
    <subfield code="a">Chesneaux, Jean</subfield>
    <subfield code="e">autor</subfield>
  </datafield>
  <datafield tag="240" ind1="1" ind2="3">
    <subfield code="a">Du Pass&#xE9; faison table rase?</subfield>
    <subfield code="l">Espa&#xF1;ol</subfield>
  </datafield>
  <datafield tag="245" ind1="1" ind2="2">
    <subfield code="a">&#xBF;Hacemos tabla rasa del pasado?</subfield>
    <subfield code="b"> : a prop&#xF3;sito de la historia y de los historiadores</subfield>
    <subfield code="c">/ por Jean Chesneaux ; traducci&#xF3;n de Aurelio Garz&#xF3;n del Camino</subfield>
  </datafield>
  <datafield tag="260" ind1="3" ind2=" ">
    <subfield code="a">M&#xE9;xico</subfield>
    <subfield code="b">: Siglo XXI</subfield>
    <subfield code="c">, 1977</subfield>
  </datafield>
  <datafield tag="300" ind1=" " ind2=" ">
    <subfield code="a">219 p&#xE1;ginas</subfield>
  </datafield>
  <datafield tag="500" ind1=" " ind2=" ">
    <subfield code="a">Reimpresiones: (16a. 2009)
Titulo original: du pass&#xE9; faisons table rase?</subfield>
  </datafield>
  <datafield tag="505" ind1="1" ind2=" ">
    <subfield code="a">La historia como relaci&#xF3;n activa con el pasado
Historia y pr&#xE1;ctica social: en el campo del poder
Historia y p&#xB4;ractica social: en el campo de las luchas populares
&#xBF;Era Marx un historiador?
Intervenir la relaci&#xF3;n pasado-presente
las falsas evidencias del discurso hist&#xF3;rico
Peque&#xF1;a sociolog&#xED;a del saber hist&#xF3;rico
Las trampas del cuadripartismo hist&#xF3;rico
La nostalgia del "discurso sobre la historia universal"
&#xBF;Tienen una historia com&#xFA;n las sociedades precapitalistas?
El capitalismo, agente unificador de la historia
La interioridad nacional en la historia
Hacer entrar la historia natural en la historia social
Tiempo corto y tiempo largo, continuidad y descontinuidad
Historia por arriba e historia por abajo. Las masas populares en la historia
Ritmos de evoluci&#xF3;n. progresos, retrocesos, desfaces y resurgencias
La inserci&#xF3;n de la historia en el espacio: le geopol&#xED;tica
Desenclavar el territorio del historiador: &#xBF;qu&#xE9; es pluridisciplinaridad?
&#xBF;Qu&#xE9; es historia para la revoluci&#xF3;n?</subfield>
  </datafield>
  <datafield tag="519" ind1=" " ind2=" ">
    <subfield code="a">Plan UNAM 1er. Semestre / </subfield>
    <subfield code="b">Enfermer&#xED;a / </subfield>
    <subfield code="c">Historia Universal del Cuidado (1113) / </subfield>
    <subfield code="d">(23 000859, 23 000893, 23 001330,23 001331, 23 001631, 23 001632, 23 001633,23 001634, 23 001635)</subfield>
  </datafield>
  <datafield tag="650" ind1="1" ind2="4">
    <subfield code="a">HISTORIOGRAF&#xCD;A</subfield>
    <subfield code="9">40896</subfield>
  </datafield>
  <datafield tag="700" ind1="1" ind2=" ">
    <subfield code="a">Garzon del Camino, Aurelio</subfield>
    <subfield code="b">traductor</subfield>
  </datafield>
  <datafield tag="942" ind1=" " ind2=" ">
    <subfield code="c">LB</subfield>
  </datafield>
</record>
